00419nam a2200145Ia 4500008004100000020001800041041000800059082001600067100004800083245007100131250000600202260004400208300001200252650000900264210716s1998 xx 000 0 und d a9780195685725 aeng a006.35 POOD aPoole, David;Mackworth, Alan;Goebel, Randy. aComputational intelligence: a logical approach.bLogical approach. a1 aNew YorkbOxford University Pressc1998 axvi,558 aNone